000 00321nam a22001457a 4500
008 210428b ||||| |||| 00| 0 eng d
020 _a2900393616995
041 _aeng
080 _210e
_a316
082 _a316
100 _a50
101 _aSOC
245 _aIntroduction to Sociology
_cGiddens,A
942 _2udc
_cBK
999 _c56887
_d56887